Rude awakening : The rise, fall, and struggle for recovery of General Motors
Spremljeno u:
| Glavni autor: | |
|---|---|
| Format: | Knjiga |
| Jezik: | Undetermined |
| Izdano: |
New York
Harper Perennial
1989
|
| Teme: | |
| Oznake: |
Dodaj oznaku
Bez oznaka, Budi prvi tko označuje ovaj zapis!
|
| Thư viện lưu trữ: | Trung tâm Học liệu Trường Đại học Cần Thơ |
|---|
| LEADER | 00584nam a2200205Ia 4500 | ||
|---|---|---|---|
| 001 | CTU_84400 | ||
| 008 | 210402s9999 xx 000 0 und d | ||
| 082 | |a 338.7 | ||
| 082 | |b K29 | ||
| 100 | |a Keller, Maryann | ||
| 245 | 0 | |a Rude awakening : | |
| 245 | 4 | |b The rise, fall, and struggle for recovery of General Motors | |
| 245 | 0 | |c Maryann Keller | |
| 260 | |a New York | ||
| 260 | |b Harper Perennial | ||
| 260 | |c 1989 | ||
| 650 | |a Automobile industry and trade | ||
| 650 | |z United States | ||
| 904 | |i Qhieu(sửa) | ||
| 980 | |a Trung tâm Học liệu Trường Đại học Cần Thơ | ||